Missing Word: Mottos and Slogans Quiz Stats

 Plays Quiz Updated Jul 27, 2013

Support Sporcle.
Go Orange.
Score 0/24 Timer 04:00
1 Play Today
Motto or Slogan Answer % Correct
______ Lickin’ GoodFinger
90.9%
The Greatest Show on _____Earth
87.3%
Do ____ BestYour
86.2%
Truth _____ Set You FreeShall
84.1%
Live in Your _____, Play in OursWorld
80.5%
To Protect and to _____Serve
79.7%
Art For ____ SakeArt's
70.5%
Save _____. Live BetterMoney
66.1%
Be ________Prepared
53.6%
Any Task, Any Place, ________Anytime
53.4%
Connecting ______People
52.9%
_____ DifferentThink
49.9%
Motto or Slogan Answer % Correct
Duty, _____, CountryHonor
47.3%
The Best or _______Nothing
43.8%
Semper Fidelis: Always ________Faithful
37.7%
Adidas is _____ InAll
36%
Solutions For a Small ______Planet
26.5%
Taking On the World's Toughest _____ ChallengesEnergy
24.4%
That ______ May LiveOthers
24.2%
Who _____ WinsDares
22.5%
Swifter, ______, StrongerHigher
22%
Not For ____, but CountrySelf
21.8%
The Wind of _______ BlowsFreedom
7.8%
Blood and ____Fire
5.7%

Today's Daily Dose

You're not logged in!

Compare scores with friends on all Sporcle quizzes.
OR
Log In

From the Vault

3 Movies, 1 Missing Word X

by ghcgh

Is it really fair to demand a refund if the movie is only missing one word?
Remove Ads.
Support Sporcle.
Get the best of Sporcle when you Go Orange. This ad-free experience offers more features, more stats, and more fun while also helping to support Sporcle. Thank you for becoming a member.

Show Comments

Extras

Top Quizzes Today


Score Distribution

Your Account Isn't Verified!

In order to create a playlist on Sporcle, you need to verify the email address you used during registration. Go to your Sporcle Settings to finish the process.

Report this User

Report this user for behavior that violates our Community Guidelines.

Details: